Los sufrimientos del joven Werther (Registro nro. 23517)

Detalles MARC
000 -CABECERA
Longitud fija campo de control 00764nam a2200229 4500
003 - IDENTIFICADOR DELl NÚMERO DE CONTROL
Identificador del número de control OSt
005 - FECHA Y HORA DE LA ÚLTIMA TRANSACCIÓN
Fecha y hora de la última transacción 20151117101027.0
008 - CÓDIGOS DE INFORMACIÓN DE LONGITUD FIJA
Códigos de información de longitud fija 840326s1983 sp 000 spa
020 ## - NÚMERO INTERNACIONAL NORMALIZADO PARA LIBROS
Número Internacional Normalizado para Libros (ISBN) 84-320-3855-5
040 ## - FUENTE DE LA CATALOGACIÓN
Centro transcriptor BMC
082 ## - NÚMERO DE LA CLASIFICACIÓN DECIMAL DEWEY
Númeroo de clasificación 833
100 1# - PUNTO DE ACCESO PRINCIPAL-NOMBRE DE PERSONA
Nombre de persona Goethe, Johann Wolfgang von
Fechas asociadas al nombre 1749-1832
9 (RLIN) 43
245 14 - MENCIÓN DE TÍTULO
Título Los sufrimientos del joven Werther
Mención de responsabilidad, etc. Johann Wolfgang Goethe; introducción de Feliciano Pérez Varas; traducción y notas de José María Valverde
250 ## - MENCIÓN DE EDICIÓN
Mención de edición 2ª ed
260 ## - PUBLICACIÓN, DISTRIBUCIÓN, ETC. (PIE DE IMPRENTA)
Lugar de publicación, distribución, etc. Barcelona
Nombre del editor, distribuidor, etc. Planeta
Fecha de publicación, distribución, etc. 1983
300 ## - DESCRIPCIÓN FÍSICA
Extensión XXXVI, 125 p.
Dimensiones 18 cm
490 0# - MENCIÓN DE SERIE
Mención de serie Clásicos Universales Planeta
Designación de volumen o secuencia 24
650 24 - PUNTO DE ACCESO ADICIONAL DE MATERIA - TÉRMINO DE MATERIA
9 (RLIN) 29298
Término de materia o nombre geográfico como elemento inicial Novela alemana
700 1# - PUNTO DE ACCESO ADICIONAL - NOMBRE DE PERSONA
Nombre de persona Pérez Varas, Feliciano
9 (RLIN) 37368
700 1# - PUNTO DE ACCESO ADICIONAL - NOMBRE DE PERSONA
Nombre de persona Valverde, José María
Fechas asociadas al nombre 1926-1996‏
9 (RLIN) 28382
942 ## - ENTRADA DE ELEMENTOS AGREGADOS (KOHA)
Fuente de clasificaión o esquema Dewey Decimal Classification
Koha [por defecto] tipo de item 1- Monografias
Existencias
Suprimido Perdido Fuente de clasificación o esquema Estropeado Restricciones de uso No para préstamo Código de colección Localización permanente Localización actual Localización en estanter&íacute;as Fecha adquisición Fuente de adquisición Número de inventario Préstamos totales Signatura completa Código de barras Fecha última consulta Fecha último préstamo Coste, precio reemplazado Fecha del precio de reemplazo Tipo de item de Koha
NULL NULL Dewey Decimal Classification NULL Prestable NULL NULL Biblioteca Miguel de Cervantes - UNICAES Biblioteca Miguel de Cervantes - UNICAES Sala Principal 13/11/2015 Donación - ADESH 030980 1 N GOE suf 1035123 06/06/2025 05/06/2025 12.00 13/11/2015 1- Monografias